| 000 | 00440nam a2200193Ia 4500 | ||
|---|---|---|---|
| 003 | 0100 | ||
| 008 | 130303s9999 xx 000 0 und d | ||
| 020 | _a310213274 | ||
| 040 | _cARRUPELIB | ||
| 050 | _aBT761.2.Y351997 | ||
| 100 | _aPhilip Yancy | ||
| 245 | _aWhats so Amazing about Grace? | ||
| 260 | _aMichigan | ||
| 260 | _bZondervan Pub.House | ||
| 260 | _C1997 | ||
| 300 | _a292p. 22cm | ||
| 700 | _aPhilip Yancy | ||
| 942 | 0 | 0 | _02 |
| 999 |
_c14673 _d14673 |
||